| 000 | 01456nam a2200289 i 4500 | ||
|---|---|---|---|
| 001 | 174899 | ||
| 003 | ES-MaACL | ||
| 005 | 20250907063131.0 | ||
| 008 | 100622s1910 sp a c |||| |dspa d | ||
| 080 | _a027(460) | ||
| 100 | 1 |
_aNavas, Juan Gualberto López Valdemoro de Quesada, _cConde de las, _d1855-1935 _985203 |
|
| 245 | 1 | 0 |
_aCatálogo de la Real Biblioteca. _pAutores-historia / _cpor Juan Gualberto López-Valdemoro de Quesada, Conde de las Navas. |
| 260 |
_aMadrid : _b[s.n.], _c1910 ( _fOficina Tip. de Ducazcal) |
||
| 300 |
_a2 v. : _bil. col. ; _c29 cm. |
||
| 490 | 1 |
_aCatálogo de la Real Biblioteca. Impresos ; _v2-3 |
|
| 500 | _aÍndices. | ||
| 504 | _aReferencias bibliográficas. | ||
| 505 | 8 | _aContiene: I. Introducción / por Juan Gualberto López-Valdemoro de Quesada; con 9 lám. de "Bernardo Rodríguez y Hauser y Menet", ejecutadas algunas sobre acuarelas de Gabriel Ochoa - II. A-B / ordenado e impreso bajo la dirección de Juan Gualberto López-Valdemoro de Quesada; con láminas de "Bernardo Rodríguez y Hauser y Menet" | |
| 610 | 2 | 4 |
_aPalacio Real (Madrid). _bBiblioteca- _vCatálogos. _9143157 |
| 700 | 1 |
_aRodríguez, Bernardo. _9131967 |
|
| 700 | 1 |
_aOchoa, Gabriel. _9144055 |
|
| 710 | 2 |
_aPalacio Real (Madrid). _bBiblioteca. _96101 |
|
| 710 | 2 |
_aHauser y Menet (Madrid) _94558 |
|
| 830 | 1 | 0 |
_aCatálogo de la Real Biblioteca _v2-3 _9189465 |
| 852 |
_aES-MaACL _jB-13791-92 |
||
| 999 |
_c174899 _d174899 |
||